Visual guide for householders (Record no. 120866)

MARC details
000 -LEADER
fixed length control field 00838cai a22001815a 4500
001 - CONTROL NUMBER
control field E150355
008 - FIXED-LENGTH DATA ELEMENTS--GENERAL INFORMATION
fixed length control field 100702u xxk g 000 0 eng d
035 ## - SYSTEM CONTROL NUMBER
System control number (Sirsi) u150355
041 0# - LANGUAGE CODE
Language code of text/sound track or separate title eng
110 2# - MAIN ENTRY--CORPORATE NAME
Corporate name or jurisdiction name as entry element United Kingdom
Subordinate unit HM Government
9 (RLIN) 5056
245 00 - TITLE STATEMENT
Title Visual guide for householders
Medium [electronic resource]
520 ## - SUMMARY, ETC.
Summary, etc. Interactive guides for home owners which provide advice on repairs and alterations to semi-detached and terraced properties. Also includes a series of mini-guides on conservatories, loft conversions, extensions, outbuildings and porches.
590 ## - LOCAL NOTE (RLIN)
Local note KA
651 #4 - SUBJECT ADDED ENTRY--GEOGRAPHIC NAME
Geographic name England
Chronological subdivision 886-
690 ## - LOCAL SUBJECT ADDED ENTRY--TOPICAL TERM (OCLC, RLIN)
Topical term or geographic name as entry element ENVIRONMENT AND LAND CONSULTANCY-PLANNING AND DEVELOPMENT
856 40 - ELECTRONIC LOCATION AND ACCESS
Uniform Resource Identifier <a href="https://www.planningportal.gov.uk/england/government/tools/house/">https://www.planningportal.gov.uk/england/government/tools/house/</a>
Public note View the website free of charge at www.planningportal.gov.uk
942 ## - ADDED ENTRY ELEMENTS (KOHA)
Suppress in OPAC 0
Holdings
Withdrawn status Lost status Source of classification or shelving scheme Damaged status Not for loan Home library Current library Shelving location Date acquired Total Checkouts Full call number Barcode Date last seen Copy number Price effective from Koha item type
    Dewey Decimal Classification     Virtual Virtual Online 02/07/2010   WEBSITE 150355-2001 06/08/2019 1 06/08/2019 Online material